Foreign licensing agreements, pt. II:contract negotation andadministration (Record no. 480840)

000 -LEADER
fixed length control field 00354cam a22001097a 4500
008 - FIXED-LENGTH DATA ELEMENTS--GENERAL INFORMATION
fixed length control field 180718b1959 xxu||||| |||| 00| 0 eng d
082 ## - DEWEY DECIMAL CLASSIFICATION NUMBER
Classification number T3034 N213
245 ## - TITLE STATEMENT
Title Foreign licensing agreements, pt. II:contract negotation andadministration
260 ## - PUBLICATION, DISTRIBUTION, ETC.
Place of publication, distribution, etc. New York
Name of publisher, distributor, etc. National Industrial Conference Board
Date of publication, distribution, etc. 1959
300 ## - PHYSICAL DESCRIPTION
Extent 96p.
650 ## - SUBJECT ADDED ENTRY--TOPICAL TERM
Topical term or geographic name entry element Business - Contracts
Holdings
Withdrawn status Lost status Damaged status Not for loan Permanent Location Current Location Date acquired Full call number Barcode Date last seen Price effective from Koha item type
        Indian Institute of Public Administration Indian Institute of Public Administration 2018-08-04 T3034 N213 GR2249 2018-08-04 2018-08-04 GR

Powered by Koha